[Event "ODJM B 2018"]
[Site "Willingen GER"]
[Date "2018.05.26"]
[Round "9"]
[White "Huppert, Anna"]
[Black "Garbuz, Nicole"]
[Result "0-1"]
[Termination "normal"]
[Board "35"]
[WhiteElo "1371"]
[BlackElo "1679"]
[PlyCount "120"]
[WhiteFideId "16214439"]
[BlackFideId "12990701"]
[EventCountry "GER"]
[EventRounds "9"]
[EventType "swiss"]
[EventDate "2018.05.19"]

1. e4 e5 2. Nf3 Nc6 3. Bc4 Nf6 4. Ng5 d5 5. exd5 Na5 6. Bb5+ c6 7. dxc6 bxc6 8.
Bd3 Bd6 9. Nc3 O-O 10. O-O h6 11. Nge4 Nxe4 12. Nxe4 Be7 13. Ng3 Rb8 14. Bf5
Nc4 15. b3 Nd6 16. Bxc8 Rxc8 17. d4 exd4 18. Nh5 Bf6 19. Bb2 c5 20. Qf3 Re8 21.
Nxf6+ Qxf6 22. Qxf6 gxf6 23. Rfe1 Re5 24. c3 Rce8 25. Rxe5 fxe5 26. Rd1 Nb5 27.
cxd4 exd4 28. Kf1 Re4 29. a4 Nd6 30. Ba3 Nb7 31. g3 Kh7 32. b4 cxb4 33. Bxb4 d3
34. Bc3 Nc5 35. a5 Rc4 36. Be5 Ra4 37. Bc3 Rc4 38. Be5 Nd7 39. Bb2 Nc5 40. Ba3
Rc3 41. Bb4 Rc2 42. Bxc5 Rxc5 43. Rxd3 Rxa5 44. Rd7 Kg6 45. Ke2 Ra3 46. h4 a5
47. Ra7 a4 48. Kd2 Ra1 49. Ra5 a3 50. g4 a2 51. Kc3 Rc1+ 52. Kb2 Rf1 53. h5+
Kg7 54. Kxa2 Rxf2+ 55. Kb3 Rg2 56. Ra4 Kf6 57. Kc3 Kg5 58. Kd3 Rxg4 59. Ra5+
Kf6 60. Ke3 Rg5 0-1

[Event "ODJM B 2018"]
[Site "Willingen GER"]
[Date "2018.05.26"]
[Round "9"]
[White "Hoke, Joshua Sky"]
[Black "Hungeling, David"]
[Result "1/2-1/2"]
[Termination "normal"]
[Board "36"]
[WhiteElo "1620"]
[BlackElo "1442"]
[PlyCount "82"]
[WhiteFideId "16218272"]
[BlackFideId "16222440"]
[EventCountry "GER"]
[EventRounds "9"]
[EventType "swiss"]
[EventDate "2018.05.19"]

1. e4 e6 2. d4 d5 3. Nd2 c5 4. c3 cxd4 5. cxd4 dxe4 6. Nxe4 Bb4+ 7. Nc3 Nc6 8.
Nf3 h6 9. Bc4 Nf6 10. O-O O-O 11. a3 Ba5 12. b4 Bb6 13. d5 exd5 14. Nxd5 Nxd5
15. Bxd5 Qf6 16. Ra2 Rd8 17. Rd2 Bg4 18. Bb2 Qg6 19. Kh1 Bc7 20. Qb3 Qh5 21. h3
Bxh3 22. Bxf7+ Qxf7 23. Rxd8+ Rxd8 24. Qxf7+ Kxf7 25. gxh3 Rd3 26. Kg2 a6 27.
Rc1 Rb3 28. Rc2 Bb6 29. Rd2 Kf8 30. Ne1 Bd8 31. Nd3 Bf6 32. Bxf6 gxf6 33. Nc5
Rxa3 34. Nxb7 Nxb4 35. Rd8+ Kg7 36. Ra8 Nc6 37. Nd6 a5 38. Ra6 Nb4 39. Ra7+ Kg6
40. Nc4 Ra2 41. Rxa5 Rxa5 1/2-1/2

[Event "ODJM B 2018"]
[Site "Willingen GER"]
[Date "2018.05.26"]
[Round "9"]
[White "Zell, Hannah"]
[Black "Tran, Minh Dat"]
[Result "1-0"]
[Termination "normal"]
[Board "37"]
[WhiteElo "1547"]
[BlackElo "1400"]
[PlyCount "71"]
[WhiteFideId "16208900"]
[BlackFideId "16244702"]
[EventCountry "GER"]
[EventRounds "9"]
[EventType "swiss"]
[EventDate "2018.05.19"]

1. e4 e5 2. Nf3 Nc6 3. Bc4 Bc5 4. b4 Bxb4 5. c3 Ba5 6. d4 exd4 7. O-O Nge7 8.
Ng5 Ne5 9. Nxf7 Nxf7 10. Bxf7+ Kxf7 11. Qh5+ Ng6 12. Qxa5 dxc3 13. Nxc3 c6 14.
Qf5+ Qf6 15. Qxf6+ gxf6 16. Ba3 b6 17. Bd6 Ba6 18. Rfd1 Rhe8 19. Rd2 Re6 20.
Rad1 Ke8 21. f4 Kf7 22. f5 Rxd6 23. fxg6+ hxg6 24. Rxd6 Bc8 25. Rf1 f5 26. exf5
gxf5 27. Rxf5+ Ke7 28. Rdf6 a5 29. Rf7+ Ke8 30. Rf8+ Ke7 31. R5f7+ Ke6 32. Rf6+
Ke7 33. h4 d5 34. Nd1 c5 35. h5 c4 36. Rf4 1-0

[Event "ODJM B 2018"]
[Site "Willingen GER"]
[Date "2018.05.26"]
[Round "9"]
[White "Kögel, Josef"]
[Black "Borgmann, Simon"]
[Result "1/2-1/2"]
[Termination "normal"]
[Board "38"]
[WhiteElo "1527"]
[BlackElo "1614"]
[PlyCount "42"]
[WhiteFideId "16237641"]
[BlackFideId "16234677"]
[EventCountry "GER"]
[EventRounds "9"]
[EventType "swiss"]
[EventDate "2018.05.19"]

1. Nf3 d5 2. g3 e6 3. Bg2 Nf6 4. O-O b6 5. d3 Bb7 6. Nbd2 c5 7. b3 Be7 8. Bb2
O-O 9. Re1 Nbd7 10. e3 Qc7 11. c4 Rad8 12. Rc1 Qb8 13. Qe2 Rfe8 14. Ng5 dxc4
15. Nxc4 Bxg2 16. Kxg2 h6 17. Nf3 Qb7 18. Kg1 Nd5 19. Nfd2 N7f6 20. Qf3 Qa8 21.
Ne5 Nb4 1/2-1/2

[Event "ODJM B 2018"]
[Site "Willingen GER"]
[Date "2018.05.26"]
[Round "9"]
[White "Lange, Malina"]
[Black "Svane, Freja"]
[Result "0-1"]
[Termination "normal"]
[Board "39"]
[WhiteElo "1531"]
[BlackElo "1622"]
[PlyCount "103"]
[WhiteFideId "16228952"]
[BlackFideId "12940100"]
[EventCountry "GER"]
[EventRounds "9"]
[EventType "swiss"]
[EventDate "2018.05.19"]

1. e4 e6 2. d4 d5 3. Nd2 dxe4 4. Nxe4 Bd7 5. Nf3 Bc6 6. Bd3 Nd7 7. Be3 Be7 8.
O-O Ngf6 9. Nxf6+ Bxf6 10. c4 Bxf3 11. Qxf3 c6 12. Rfe1 O-O 13. Bf4 Bxd4 14.
Qh3 g6 15. Rab1 Bg7 16. Bh6 Qc7 17. Bxg7 Kxg7 18. Re3 Rad8 19. Qh4 Rh8 20. Rbe1
Nf6 21. Rf3 Ng8 22. Re4 Qe7 23. Qg3 Nf6 24. Ref4 Rxd3 25. Rxd3 Nh5 26. Qf3 Nxf4
27. Qxf4 Rd8 28. Qd2 Rxd3 29. Qxd3 Qf6 30. Qd2 c5 31. g3 Qd4 32. Qe2 e5 33. b3
f5 34. Kg2 Qe4+ 35. Qxe4 fxe4 36. f3 exf3+ 37. Kxf3 Kf6 38. h3 h5 39. Ke4 Ke6
40. a3 a5 41. a4 Kf6 42. Ke3 Kf5 43. Kf3 e4+ 44. Ke2 g5 45. Kf2 h4 46. Kg2 Ke5
47. Kf2 Kd4 48. g4 Kd3 49. Ke1 Ke3 50. Kf1 Kd2 51. Kf2 e3+ 52. Kf3 0-1

[Event "ODJM B 2018"]
[Site "Willingen GER"]
[Date "2018.05.26"]
[Round "9"]
[White "Johlke, Lukas"]
[Black "Schmidt, Pauline"]
[Result "1-0"]
[Termination "normal"]
[Board "40"]
[WhiteElo "1529"]
[BlackElo "1311"]
[PlyCount "135"]
[WhiteFideId "16252861"]
[BlackFideId "16209850"]
[EventCountry "GER"]
[EventRounds "9"]
[EventType "swiss"]
[EventDate "2018.05.19"]

1. e4 e5 2. Nf3 Nc6 3. Bb5 Nge7 4. d3 g6 5. Bg5 Bg7 6. Nc3 h6 7. Bh4 O-O 8. O-O
Nd4 9. Nxd4 exd4 10. Nd5 g5 11. Nxe7+ Qxe7 12. Bg3 d6 13. Qd2 c6 14. Ba4 a5 15.
a3 Be6 16. f4 f5 17. exf5 Bxf5 18. Rae1 Qd8 19. Bb3+ Kh8 20. fxg5 hxg5 21. Qe2
d5 22. Qe7 Qxe7 23. Rxe7 Ra7 24. Bb8 Rxb8 25. Rxf5 Bh6 26. Rff7 Bf8 27. Re6 Kg8
28. Rf5 a4 29. Ba2 Raa8 30. Rxg5+ Kf7 31. Re2 Bh6 32. Rg3 Be3+ 33. Kf1 Rf8 34.
Rf3+ Kg6 35. Rxf8 Rxf8+ 36. Ke1 Bc1 37. Re7 Bxb2 38. Rxb7 Re8+ 39. Kf2 Rf8+ 40.
Kg3 Bxa3 41. Rb6 Bd6+ 42. Kh3 Rh8+ 43. Kg4 Rxh2 44. Rxc6 Rxg2+ 45. Kf3 Rg3+ 46.
Kf2 Rh3 47. Rxd6+ Kg7 48. Bxd5 Rh2+ 49. Bg2 Rh8 50. Rxd4 Rc8 51. Rxa4 Rxc2+ 52.
Kg3 Rd2 53. d4 Kf7 54. Bc6 Ke6 55. Kf3 Kd6 56. Ke3 Rh2 57. Bf3 Rh4 58. Ra6+ Kc7
59. Rc6+ Kd7 60. d5 Kd8 61. Be4 Rh8 62. Kd4 Re8 63. Bf5 Re1 64. Rd6+ Kc7 65.
Rd7+ Kb6 66. Rh7 Re8 67. d6 Kc6 68. Bd7+ 1-0

[Event "ODJM B 2018"]
[Site "Willingen GER"]
[Date "2018.05.26"]
[Round "9"]
[White "Trams, Emma Joe"]
[Black "Eulitz, Charlotte"]
[Result "0-1"]
[Termination "normal"]
[Board "41"]
[WhiteElo "1359"]
[BlackElo "1547"]
[PlyCount "40"]
[WhiteFideId "16206517"]
[BlackFideId "12964654"]
[EventCountry "GER"]
[EventRounds "9"]
[EventType "swiss"]
[EventDate "2018.05.19"]

1. e4 e5 2. Nf3 Nc6 3. Bb5 a6 4. Ba4 Nf6 5. O-O Be7 6. d3 b5 7. Bb3 d6 8. h3
O-O 9. Bg5 Na5 10. c3 Nxb3 11. Qxb3 Bb7 12. Nbd2 h6 13. Bh4 Nxe4 14. Bxe7 Nxd2
15. Nxd2 Qxe7 16. Rfe1 Bxg2 17. Kh2 Bb7 18. Rg1 Qf6 19. Ne4 Bxe4 20. dxe4 Qxf2+
0-1

[Event "ODJM B 2018"]
[Site "Willingen GER"]
[Date "2018.05.26"]
[Round "9"]
[White "Bock, Marlon"]
[Black "Henzgen, Nick"]
[Result "1/2-1/2"]
[Termination "normal"]
[Board "42"]
[WhiteElo "1346"]
[BlackElo "1633"]
[PlyCount "57"]
[WhiteFideId "16244931"]
[BlackFideId "16212347"]
[EventCountry "GER"]
[EventRounds "9"]
[EventType "swiss"]
[EventDate "2018.05.19"]

1. c4 Nf6 2. g3 g6 3. Bg2 Bg7 4. Nf3 O-O 5. O-O c6 6. Nc3 d5 7. d3 Nbd7 8. Rb1
Re8 9. b4 Rb8 10. a4 b6 11. b5 cxb5 12. axb5 dxc4 13. dxc4 Qc7 14. Qb3 Nc5 15.
Qa2 a6 16. Rd1 a5 17. Bg5 Nfe4 18. Nd5 Qa7 19. Nxe7+ Rxe7 20. Rd8+ Bf8 21. Bh6
Bf5 22. Rbd1 f6 23. Nh4 Kf7 24. Nxf5 gxf5 25. Bxe4 fxe4 26. Bxf8 Rxd8 27. Rxd8
Rc7 28. Bd6 Rd7 29. Rxd7+ 1/2-1/2

[Event "ODJM B 2018"]
[Site "Willingen GER"]
[Date "2018.05.26"]
[Round "9"]
[White "Raasch, Hauke"]
[Black "Götz, Timon"]
[Result "0-1"]
[Termination "normal"]
[Board "43"]
[WhiteElo "1555"]
[BlackElo "1413"]
[PlyCount "45"]
[WhiteFideId "16210034"]
[BlackFideId "16245040"]
[EventCountry "GER"]
[EventRounds "9"]
[EventType "swiss"]
[EventDate "2018.05.19"]

1. f4 f5 2. Nf3 Nf6 3. b3 g6 4. Bb2 Bg7 5. e3 b6 6. Be2 Bb7 7. O-O Nc6 8. c4 e6
9. Nc3 Qe7 10. a3 h6 11. Qc2 a6 12. Rac1 Rg8 13. b4 Nh7 14. g3 g5 15. Nd1 h5
16. Ne5 Nxe5 17. Bxe5 Bxe5 18. fxe5 g4 19. d4 Ng5 20. Kf2 Ne4+ 21. Ke1 h4 22.
Rg1 hxg3 23. hxg3 0-1

[Event "ODJM B 2018"]
[Site "Willingen GER"]
[Date "2018.05.26"]
[Round "9"]
[White "Reuter, Max"]
[Black "König, Dominik"]
[Result "1-0"]
[Termination "normal"]
[Board "44"]
[WhiteElo "1518"]
[BlackElo "1296"]
[PlyCount "53"]
[WhiteFideId "16263715"]
[BlackFideId "16245148"]
[EventCountry "GER"]
[EventRounds "9"]
[EventType "swiss"]
[EventDate "2018.05.19"]

1. e4 e6 2. d4 d5 3. Nc3 Bb4 4. exd5 exd5 5. Bd3 Nf6 6. Bg5 Be6 7. Nf3 Nbd7 8.
O-O c6 9. Ne2 Qc7 10. Rc1 h6 11. Bh4 g5 12. Bg3 Bd6 13. Re1 O-O-O 14. c4 Rdg8
15. c5 Bxg3 16. Nxg3 h5 17. b4 h4 18. Nf5 Bxf5 19. Bxf5 g4 20. Ne5 g3 21. Qf3
gxh2+ 22. Kh1 Rg7 23. Nxd7 Nxd7 24. Re7 Rd8 25. Qh3 Qf4 26. Bxd7+ Kb8 27. Qe3
1-0

[Event "ODJM B 2018"]
[Site "Willingen GER"]
[Date "2018.05.26"]
[Round "9"]
[White "Seliokaite, Ana"]
[Black "Chlechowitz, Maximilian"]
[Result "0-1"]
[Termination "normal"]
[Board "45"]
[WhiteElo "1305"]
[BlackElo "1622"]
[PlyCount "98"]
[WhiteFideId "16224817"]
[BlackFideId "16222571"]
[EventCountry "GER"]
[EventRounds "9"]
[EventType "swiss"]
[EventDate "2018.05.19"]

1. e4 d6 2. d4 Nf6 3. Nc3 e5 4. Nf3 Be7 5. g3 Nbd7 6. Bg2 O-O 7. O-O b6 8. dxe5
Nxe5 9. b3 Bb7 10. Nxe5 dxe5 11. Qe2 Qc8 12. Nd5 Nxd5 13. exd5 Rd8 14. c4 f6
15. Bb2 c6 16. Rfd1 Kh8 17. Rac1 Bc5 18. Qh5 Rg8 19. d6 g6 20. Qh4 Qf5 21. Rd2
g5 22. Qe4 Qxe4 23. Bxe4 Rad8 24. Rcd1 Rg7 25. d7 h6 26. Kh1 Rf7 27. Kg2 Kg8
28. Kf3 f5 29. Bc2 Bd4 30. Bxd4 c5+ 31. Ke3 exd4+ 32. Ke2 Rdxd7 33. f4 g4 34.
Kf2 Be4 35. Re1 Bxc2 36. Rxc2 Rfe7 37. Re5 Rxe5 38. fxe5 d3 39. Rd2 Kf7 40. Ke3
Ke6 41. Rxd3 Rxd3+ 42. Kxd3 Kxe5 43. Ke3 a6 44. a3 a5 45. a4 h5 46. Kd3 f4 47.
Ke2 Ke4 48. gxf4 Kxf4 49. Kf2 h4 0-1

[Event "ODJM B 2018"]
[Site "Willingen GER"]
[Date "2018.05.26"]
[Round "9"]
[White "Ewerhardy, Moritz"]
[Black "Schelhorn, Paul"]
[Result "1-0"]
[Termination "normal"]
[Board "46"]
[WhiteElo "1348"]
[BlackElo "1759"]
[PlyCount "27"]
[WhiteFideId "36052086"]
[BlackFideId "12964077"]
[EventCountry "GER"]
[EventRounds "9"]
[EventType "swiss"]
[EventDate "2018.05.19"]

1. d4 d5 2. c4 dxc4 3. Nf3 c5 4. Nc3 Nf6 5. e3 cxd4 6. exd4 Bg4 7. Bxc4 Bxf3 8.
Qxf3 Qc7 9. Bb5+ Nbd7 10. Bf4 Qb6 11. O-O Rc8 12. Rac1 g6 13. Nd5 Rxc1 14. Rxc1
1-0

[Event "ODJM B 2018"]
[Site "Willingen GER"]
[Date "2018.05.26"]
[Round "9"]
[White "Kistner, Sinan"]
[Black "Brunner, Alexander"]
[Result "1-0"]
[Termination "normal"]
[Board "48"]
[WhiteElo "1552"]
[BlackElo "1596"]
[PlyCount "37"]
[WhiteFideId "16219643"]
[BlackFideId "12965278"]
[EventCountry "GER"]
[EventRounds "9"]
[EventType "swiss"]
[EventDate "2018.05.19"]

1. c4 e5 2. Nc3 Nc6 3. Nf3 d6 4. d4 Bg4 5. e3 Bxf3 6. Qxf3 exd4 7. Qe4+ Qe7 8.
Qxe7+ Bxe7 9. Nb5 O-O-O 10. Nxd4 Nxd4 11. exd4 Bf6 12. Be3 c5 13. Rd1 Ne7 14.
dxc5 Nf5 15. cxd6 Bxb2 16. c5 Rhe8 17. d7+ Rxd7 18. Rxd7 Bc3+ 19. Kd1 1-0

[Event "ODJM B 2018"]
[Site "Willingen GER"]
[Date "2018.05.26"]
[Round "9"]
[White "Hövert, Kai"]
[Black "Rautenberg, Jakob"]
[Result "1-0"]
[Termination "normal"]
[Board "49"]
[WhiteElo "1471"]
[BlackElo "1519"]
[PlyCount "52"]
[WhiteFideId "16266056"]
[BlackFideId "16214749"]
[EventCountry "GER"]
[EventRounds "9"]
[EventType "swiss"]
[EventDate "2018.05.19"]

1. e4 e5 2. Nf3 Nc6 3. Bc4 Bc5 4. c3 Nf6 5. d4 exd4 6. cxd4 Bb4+ 7. Nc3 d6 8.
O-O O-O 9. Bg5 Bxc3 10. bxc3 h6 11. Bh4 g5 12. Nxg5 hxg5 13. Bxg5 Re8 14. Qf3
Bg4 15. Qxf6 Qxf6 16. Bxf6 Bh5 17. f3 Kh7 18. Rae1 Rg8 19. Kh1 Kg6 20. Bh4 Kh6
21. g4 Bg6 22. Bf6 Na5 23. g5+ Kh7 24. Bd3 Rae8 25. Rg1 d5 26. Rg4 Bh5 1-0

[Event "ODJM B 2018"]
[Site "Willingen GER"]
[Date "2018.05.26"]
[Round "9"]
[White "Rösch, Felix"]
[Black "Weber, Tom"]
[Result "1-0"]
[Termination "normal"]
[Board "51"]
[WhiteElo "1487"]
[BlackElo "1433"]
[PlyCount "89"]
[WhiteFideId "12972363"]
[BlackFideId "16266064"]
[EventCountry "GER"]
[EventRounds "9"]
[EventType "swiss"]
[EventDate "2018.05.19"]

1. e4 e6 2. d4 d5 3. e5 c5 4. c3 Nc6 5. Nf3 Nge7 6. dxc5 Ng6 7. Be3 Ngxe5 8.
Nxe5 Nxe5 9. Be2 Be7 10. O-O O-O 11. Nd2 Qc7 12. b4 Bf6 13. Bd4 Rd8 14. Nf3
Nxf3+ 15. Bxf3 e5 16. Be3 e4 17. Be2 Bxc3 18. Rb1 Bf5 19. Bd4 Bxd4 20. Qxd4
Rac8 21. Rbc1 Qd7 22. b5 Re8 23. Rfd1 Red8 24. a4 Qc7 25. Rc3 Bg6 26. Rdc1 h5
27. c6 b6 28. Ra1 Ra8 29. Rca3 a5 30. bxa6 Qxc6 31. Rc3 Qd6 32. Bb5 Rdc8 33.
Rac1 Bf5 34. h3 Rxc3 35. Rxc3 Rc8 36. Rxc8+ Bxc8 37. Qc3 Qc5 38. Qe5 Qf8 39.
Qxd5 Qb4 40. a7 Qe1+ 41. Bf1 e3 42. a8=Q Qxf2+ 43. Kh2 Qf4+ 44. g3 Qf2+ 45. Bg2
1-0

[Event "ODJM B 2018"]
[Site "Willingen GER"]
[Date "2018.05.26"]
[Round "9"]
[White "Johlke, Lorenz"]
[Black "Becker, Lukas"]
[Result "0-1"]
[Termination "normal"]
[Board "52"]
[WhiteElo "1456"]
[BlackElo "1540"]
[PlyCount "40"]
[WhiteFideId "16252853"]
[EventCountry "GER"]
[EventRounds "9"]
[EventType "swiss"]
[EventDate "2018.05.19"]

1. e4 g6 2. d4 Bg7 3. Nf3 c5 4. c3 cxd4 5. cxd4 Nf6 6. Nc3 O-O 7. Bc4 a6 8. O-O
b5 9. Bb3 b4 10. e5 bxc3 11. exf6 cxb2 12. fxg7 bxa1=Q 13. gxf8=Q+ Qxf8 14. Qc2
Bb7 15. Bh6 Qxf1+ 16. Kxf1 Qxh6 17. Qc7 Bxf3 18. gxf3 Qh3+ 19. Ke2 Nc6 20. d5
Nd4+ 0-1

[Event "ODJM B 2018"]
[Site "Willingen GER"]
[Date "2018.05.26"]
[Round "9"]
[White "Schilay, Maria"]
[Black "Silber, Stefanie"]
[Result "1-0"]
[Termination "normal"]
[Board "53"]
[WhiteElo "1354"]
[BlackElo "1685"]
[PlyCount "79"]
[WhiteFideId "12942979"]
[BlackFideId "12918245"]
[EventCountry "GER"]
[EventRounds "9"]
[EventType "swiss"]
[EventDate "2018.05.19"]

1. e4 c6 2. Nf3 d5 3. exd5 cxd5 4. Ne5 Nd7 5. d4 Ngf6 6. Bd3 e6 7. Nd2 Bd6 8.
f4 O-O 9. O-O Qb6 10. Ndf3 Ne8 11. Kh1 f6 12. Ng4 Qc7 13. Qe2 e5 14. fxe5 fxe5
15. dxe5 Nxe5 16. Ngxe5 Bxe5 17. Qxe5 Qxe5 18. Nxe5 Nf6 19. Bd2 Be6 20. Rae1 a6
21. Bc3 Rfe8 22. Re2 Rad8 23. Rfe1 b5 24. Nc6 Rd6 25. Nd4 Bf7 26. Rxe8+ Nxe8
27. h3 Nf6 28. Nf5 Rb6 29. Bd4 Re6 30. Rxe6 Bxe6 31. Ne7+ Kf7 32. Nc6 h5 33.
Nd8+ Ke7 34. Nxe6 Kxe6 35. Bxf6 Kxf6 36. a4 bxa4 37. Bxa6 Ke5 38. Bb5 a3 39.
bxa3 h4 40. a4 1-0

[Event "ODJM B 2018"]
[Site "Willingen GER"]
[Date "2018.05.26"]
[Round "9"]
[White "Hagenbeck-Hübert, Jan"]
[Black "Frank, Carolin"]
[Result "1-0"]
[Termination "normal"]
[Board "54"]
[WhiteElo "1493"]
[BlackElo "1556"]
[PlyCount "45"]
[WhiteFideId "16259505"]
[BlackFideId "16207190"]
[EventCountry "GER"]
[EventRounds "9"]
[EventType "swiss"]
[EventDate "2018.05.19"]

1. e4 c6 2. d4 d5 3. exd5 cxd5 4. Nf3 Nf6 5. Nc3 Nc6 6. h3 Bf5 7. Be3 e6 8. Bb5
Bb4 9. O-O O-O 10. Rb1 Bxc3 11. bxc3 Ne4 12. Qe1 Qa5 13. Bd3 b6 14. Nh4 Ne7 15.
f3 Nd6 16. Bxf5 Nexf5 17. Bf4 Rac8 18. g4 Nxd4 19. Bxd6 Rfd8 20. Bb4 Nxf3+ 21.
Nxf3 Qa4 22. Rb2 Rd7 23. Qe2 1-0

[Event "ODJM B 2018"]
[Site "Willingen GER"]
[Date "2018.05.26"]
[Round "9"]
[White "Guo, Philipp Ziming"]
[Black "Kieselbach, Marvin"]
[Result "1/2-1/2"]
[Termination "normal"]
[Board "55"]
[WhiteElo "1453"]
[BlackElo "1440"]
[PlyCount "106"]
[WhiteFideId "16245199"]
[BlackFideId "16235770"]
[EventCountry "GER"]
[EventRounds "9"]
[EventType "swiss"]
[EventDate "2018.05.19"]

1. e4 c6 2. c4 d5 3. exd5 cxd5 4. d4 Nf6 5. Nc3 Nc6 6. Nf3 Bg4 7. cxd5 Nxd5 8.
Qb3 Bxf3 9. gxf3 Ndb4 10. d5 Nd4 11. Bb5+ Nxb5 12. Nxb5 Qa5 13. Bd2 Qxb5 14.
Bxb4 Rd8 15. Rd1 e5 16. Bxf8 Qxb3 17. axb3 Kxf8 18. Rg1 f6 19. Rg4 Kf7 20. Ke2
Rd6 21. Rc4 Rhd8 22. Rc5 R8d7 23. Ra5 b6 24. Ra6 Ke7 25. Rd3 Kd8 26. Ra1 Rxd5
27. Rxd5 Rxd5 28. Rxa7 Rd7 29. Ra4 Ke7 30. Rb4 Rd6 31. Ra4 h6 32. Ra7+ Kf8 33.
Ra8+ Kf7 34. Ra7+ Kg6 35. Ra4 Rd4 36. Ke3 Kg5 37. Rxd4 exd4+ 38. Kxd4 Kf4 39.
Kc4 Kxf3 40. Kb5 Kxf2 41. Kxb6 f5 42. Kc5 Kg2 43. b4 f4 44. b5 f3 45. b6 f2 46.
b7 f1=Q 47. b8=Q Qc1+ 48. Kd5 Qd2+ 49. Kc4 Qe2+ 50. Kd4 Qg4+ 51. Kd3 Qh3+ 52.
Qg3+ Qxg3+ 53. hxg3 Kxg3 1/2-1/2

[Event "ODJM B 2018"]
[Site "Willingen GER"]
[Date "2018.05.26"]
[Round "9"]
[White "Bardorz, Stefan"]
[Black "Ljuca, Rijad"]
[Result "1-0"]
[Termination "normal"]
[Board "56"]
[WhiteElo "1714"]
[BlackElo "1441"]
[PlyCount "69"]
[WhiteFideId "16245474"]
[BlackFideId "16216121"]
[EventCountry "GER"]
[EventRounds "9"]
[EventType "swiss"]
[EventDate "2018.05.19"]

1. e4 c5 2. Nc3 Nc6 3. g3 e6 4. Bg2 Nf6 5. f4 d6 6. d3 a6 7. Nf3 Qc7 8. O-O Be7
9. h3 b5 10. g4 Bb7 11. Ne2 Rd8 12. Ng3 d5 13. e5 Nd7 14. Qe1 Nb4 15. Qf2 d4
16. a3 Nd5 17. Ne4 N5b6 18. Nh4 Bxe4 19. Bxe4 h5 20. g5 g6 21. Qf3 Nb8 22. Nxg6
fxg6 23. Bxg6+ Kd7 24. Bxh5 Rdf8 {(=)} 25. Qe2 c4 26. Bg4 Rhg8 27. h4 Nd5 28.
Kg2 c3 29. b4 Nc6 {(=)} 30. Qe4 Bxb4 31. axb4 Ncxb4 32. Ba3 Nxc2 33. Qxd5+ Ke8
34. Qxe6+ Kd8 35. Be7+ 1-0

[Event "ODJM B 2018"]
[Site "Willingen GER"]
[Date "2018.05.26"]
[Round "9"]
[White "Schulze, Lukas"]
[Black "Ramien, Hannah"]
[Result "1/2-1/2"]
[Termination "normal"]
[Board "57"]
[WhiteElo "1502"]
[BlackElo "1274"]
[PlyCount "56"]
[WhiteFideId "12956856"]
[BlackFideId "16209982"]
[EventCountry "GER"]
[EventRounds "9"]
[EventType "swiss"]
[EventDate "2018.05.19"]

1. Nf3 d5 2. c4 e6 3. g3 Nf6 4. Bg2 Be7 5. O-O b6 6. d4 c5 7. Nc3 O-O 8. Bf4
Nc6 9. Qd3 dxc4 10. Qxc4 Bb7 11. Rfd1 Qd7 12. dxc5 Qc8 13. cxb6 axb6 14. Qb3
Bc5 15. Rac1 Rd8 16. Na4 Na5 17. Qc3 Rxd1+ 18. Rxd1 Ne4 19. Qc1 Nxf2 20. Nxc5
Nxd1 21. b4 bxc5 22. bxa5 Bxf3 23. Bxf3 Rxa5 24. Qxd1 Rxa2 25. Be5 c4 26. Kf1
c3 27. Bxc3 g6 28. Qb3 Ra7 1/2-1/2

[Event "ODJM B 2018"]
[Site "Willingen GER"]
[Date "2018.05.26"]
[Round "9"]
[White "Hallfarth, Luise"]
[Black "Lorenz, Keana"]
[Result "1/2-1/2"]
[Termination "normal"]
[Board "58"]
[WhiteElo "1425"]
[BlackElo "1439"]
[PlyCount "95"]
[WhiteFideId "16250222"]
[BlackFideId "12990248"]
[EventCountry "GER"]
[EventRounds "9"]
[EventType "swiss"]
[EventDate "2018.05.19"]

1. e4 c5 2. Nf3 Nc6 3. d4 cxd4 4. Nxd4 g6 5. Nc3 Bg7 6. Be3 Nf6 7. Bc4 O-O 8.
h3 e6 9. Ndb5 Nxe4 10. Nxe4 d5 11. Bxd5 exd5 12. Nc5 Qa5+ 13. Nc3 d4 14. Nb3
Qd8 15. Nxd4 Nxd4 16. O-O Bf5 17. Rc1 Qf6 18. Nd5 Qe5 19. Nf4 Rad8 20. c3 Ne6
21. Qf3 Be4 22. Qg4 h5 23. Qg3 Bf6 24. Nxe6 Qxe6 25. Rfe1 h4 26. Qc7 Be5 27.
Qa5 a6 28. Bc5 Bd6 29. f3 Bxc5+ 30. Qxc5 Rd5 31. Qa7 Re5 32. fxe4 Rxe4 33. Rxe4
Qxe4 34. Kh1 Qf4 35. Rg1 Qc7 36. Qf2 Qc4 37. a3 Re8 38. Qd4 Qe2 39. Qd7 b5 40.
a4 Re7 41. Qc8+ Kg7 42. Qxa6 bxa4 43. Qxa4 Qxb2 44. Qxh4 Rc7 45. Qd4+ f6 46.
Qb4 Qxc3 47. Qxc3 Rxc3 48. Kh2 1/2-1/2

[Event "ODJM B 2018"]
[Site "Willingen GER"]
[Date "2018.05.26"]
[Round "9"]
[White "Hierl, Johannes"]
[Black "Färber, Sophie"]
[Result "1/2-1/2"]
[Termination "normal"]
[Board "59"]
[WhiteElo "1355"]
[BlackElo "1421"]
[PlyCount "36"]
[WhiteFideId "16235096"]
[BlackFideId "16239121"]
[EventCountry "GER"]
[EventRounds "9"]
[EventType "swiss"]
[EventDate "2018.05.19"]

1. d4 d5 2. Bf4 Nf6 3. e3 Bf5 4. Bd3 Bg6 5. Nf3 e6 6. Qe2 Bd6 7. Bg3 c5 8. c4
cxd4 9. exd4 dxc4 10. Bxc4 Bxg3 11. hxg3 O-O 12. Nbd2 Nc6 13. Nb3 Re8 14. O-O
Bh5 15. Qd3 a6 16. a4 Bg6 17. Qe2 Bh5 18. Qd3 Bg6 1/2-1/2

[Event "ODJM B 2018"]
[Site "Willingen GER"]
[Date "2018.05.26"]
[Round "9"]
[White "Frank, Cillian"]
[Black "Abou Wally, Adrian"]
[Result "1/2-1/2"]
[Termination "normal"]
[Board "60"]
[WhiteElo "1339"]
[BlackElo "1183"]
[PlyCount "53"]
[WhiteFideId "16245202"]
[BlackFideId "16245113"]
[EventCountry "GER"]
[EventRounds "9"]
[EventType "swiss"]
[EventDate "2018.05.19"]

1. e4 Nc6 2. d4 e5 3. d5 Nce7 4. Nf3 Ng6 5. Nc3 Bb4 6. Bd2 Nf6 7. Bd3 d6 8. a3
Bxc3 9. Bxc3 Nf4 10. g3 Nxd3+ 11. Qxd3 O-O 12. O-O-O Bg4 13. h3 Bh5 14. g4 Bg6
15. Nd2 Re8 16. Rdg1 c6 17. h4 cxd5 18. f3 d4 19. Bxd4 exd4 20. h5 Bxe4 21.
Nxe4 Nxe4 22. fxe4 Qg5+ 23. Kb1 Qe5 24. Re1 Re7 25. Re2 Rae8 26. Rhe1 Qf6 27.
Ka2 1/2-1/2